LEADER 04822nam 2200613 450 001 9910830176803321 005 20221204140120.0 010 $a1-281-06951-5 010 $a9786611069513 010 $a0-470-69416-5 010 $a0-470-76614-X 035 $a(CKB)1000000000402869 035 $a(StDuBDS)AH3925081 035 $a(SSID)ssj0000147043 035 $a(PQKBManifestationID)11151093 035 $a(PQKBTitleCode)TC0000147043 035 $a(PQKBWorkID)10004757 035 $a(PQKB)10897906 035 $a(MiAaPQ)EBC6992874 035 $a(Au-PeEL)EBL6992874 035 $a(EXLCZ)991000000000402869 100 $a20221204d2007 uy 0 101 0 $aeng 135 $aur||||||||||| 181 $ctxt 182 $cc 183 $acr 200 14$aThe end of work $etheological critiques of capitalism /$fJohn Hughes 210 1$aMalden, Massachusetts ;$aOxford, England ;$aCarlton, Victoria :$cBlackwell Publishing,$d[2007] 210 4$d©2007 215 $a1 online resource (240 p.) 225 1 $aIlluminations: theory and religion 300 $aBibliographic Level Mode of Issuance: Monograph 311 $a1-4051-5892-1 320 $aIncludes bibliographical references and index. 327 $aForeword. Preface. Introduction: Work in the Christian Tradition. 1. Twentieth-century Theologies of Work: Karl Barth, Marie-Dominique Chenu, John Paul II and Miroslav Volf. 2. Utility as the Spirit of Capitalism: Max Weber's Diagnosis of Modern Work. 3. Labour, Excess and Utility in Karl Marx: The Problem of Materialism and the Aesthetic. 4. John Ruskin and William Morris: An Alternative Tradition: Labor and the Theo-aesthetic in English Romantic Critiques of Capitalism. 5. The Frankfurt School: The Critique of Instrumental Reason and Hints of Return to the Theo-aesthetic within Marxism. 6. The end of Work: Rest, Beauty and Liturgy: The Catholic Metaphysical Critique of the Culture of Work and its Incorporation into the English Romantic Tradition: Josef Pieper, Jacques Maritain, Eric Gill and David Jones. 7. Concluding Remarks: Labor, Utility and Theology. Bibliography. Index 330 $aHughes surveys 20th century theologies of work, contrasting differing approaches to consider the 'problem of labour' from a theological perspective. It is aimed at theologians concerned with how Christianity might engage in social criticism, as well as those interested in the connection between Marxist and Christian traditions. 330 $bSurveys twentieth century theologies of work, contrasting differing approaches to consider the "problem of labor" from a theological perspective. Aimed at theologians concerned with how Christianity might engage in social criticism, as well those who are interested in the connection between Marxist and Christian traditions Explores debates about labor under capitalism and considers the relationship between divine and human work Through a thorough reading of Weber's Protestant Work Ethic , argues that the triumph of the "spirit of utility" is crucial to understanding modern notions of work Draws on the work of various twentieth century Catholic thinkers, including Josef Pieper, Jacques Maritain, Eric Gill, and David Jones Published in the new and prestigious Illuminations series. The End of Work explores the "problem of labor" from a theological perspective. Addressing both theologians concerned with how Christianity might engage in social criticism, as well as secular philosophers and political theorists, this book explores the connection between Marxist and Radical Christian Romantic traditions. Surveying twentieth-century theologies of work and contrasting various approaches to the topic, this book looks at the relationship between divine and human work, explores debates about labour under capitalism, and, through a thorough reading of Weber's Protestant Work Ethic , argues that the triumph of the "spirit of utility" is crucial to understanding modern notions of work. Nineteenth- and twentieth-century Romantic and Catholic writers are then drawn upon to resist this with an alternative theo-aesthetic vision of the redemption of work as ultimately liturgical. 410 0$aIlluminations--theory and religion. 606 $aCapitalism$xReligious aspects$xChristianity 606 $aLabor$xReligious aspects$xChristianity 606 $aWork$xReligious aspects$xChristianity 615 0$aCapitalism$xReligious aspects$xChristianity. 615 0$aLabor$xReligious aspects$xChristianity. 615 0$aWork$xReligious aspects$xChristianity. 676 $a261.85 700 $aHughes$b John$f1978-2014,$0131904 801 0$bMiAaPQ 801 1$bMiAaPQ 801 2$bMiAaPQ 906 $aBOOK 912 $a9910830176803321 996 $aThe end of work$92985559 997 $aUNINA LEADER 04709oam 2200961 c 450 001 9910367584303321 005 20260302090207.0 010 $a9783839401026 010 $a383940102X 024 7 $a10.14361/9783839401026 035 $a(CKB)3710000000482540 035 $a(OAPEN)1006784 035 $a(DE-B1597)461473 035 $a(OCoLC)1013938271 035 $a(OCoLC)958047611 035 $a(DE-B1597)9783839401026 035 $a(transcript Verlag)9783839401026 035 $a(oapen)https://directory.doabooks.org/handle/20.500.12854/29544 035 $a(ScCtBLL)677fa989-43c7-4ebd-aa4e-96143646dbfe 035 $a(OCoLC)1110439795 035 $a(MiAaPQ)EBC31953898 035 $a(Au-PeEL)EBL31953898 035 $a(EXLCZ)993710000000482540 100 $a20260302h20152003 uy 0 101 0 $ager 135 $auuuuu---auuuu 181 $ctxt$2rdacontent 182 $cc$2rdamedia 183 $acr$2rdacarrier 200 10$aBourdieu lesen$eEinführung in eine Soziologie des Unterschieds. Mit einem Nachwort von Loïc Wacquant$fChristian Papilloud, Loïc Wacquant 205 $a1st ed. 210 $aBielefeld$ctranscript Verlag$d2015 210 $d2015, c2003 215 $a1 online resource (122) 225 0 $aSozialtheorie 311 08$a9783899421026 311 08$a3899421027 327 $aFrontmatter 1 Inhalt 5 Einleitung 7 Die drei Bedeutungen des Begriffs »Unterschied« 9 Soziologische Erkenntnistheorie. Begrifflichkeit und Artikultationen 29 Praxeologische Erkenntnis. Untersuchung in drei Feldern 59 Franzo?sische Kontroversen 79 Relationismus 97 Anmerkungen 101 Nachwort von Loi?c Wacquant: Eine Grammatik der Praxis im Handeln 107 Literatur 113 Backmatter 123 330 $aPierre Bourdieu (1930-2002) war einer der produktivsten zeitgenössischen Denker der Soziologie. Seine internationale Anerkennung beschränkt sich jedoch nicht allein auf den Bereich der Wissenschaft: Als weltweit engagierter Intellektueller hat Bourdieu ? wie wohl kein anderer ? soziologische Erkenntnis als politische Aufklärung der Alltagspraxis wirksam gemacht. Zentrale Begriffe der Soziologie Bourdieus wie etwa »Habitus«, »Kapital« oder »Feld« werden heute in einer Vielzahl von sozial- und kulturwissenschaftlichen Untersuchungen verwendet. Was aber hält diese Begriffe zusammen? Welche immanente Logik führt zu ihren Bedeutungen? Und wie werden diese miteinander verknüpft? Kurz: Worin liegen die erkenntnistheoretischen Voraussetzungen von Bourdieus Werk? Die vorliegende »Einführung in eine Soziologie des Unterschieds« versteht sich als Versuch, Bourdieu unter dieser Fragestellung zu lesen. Sie sieht im Begriff des »Unterschieds« das Grundprinzip seiner Erkenntnistheorie, in der »Unterschied« als Machtbeziehung konzipiert wird. 330 1 $a»Überaus voraussetzungsreich und eher als weiterführende Lektüre zu empfehlen.« 330 1 $a»Längst überfällig war [...] der Versuch, das Oevre eines der vielseitigsten und zur Zeit wohl einflussreichsten und meistdiskutierten Gesellschaftstheoretiker unter dem Blickwinkel besagten Grundprinzips zu betrachten und damit auf seine epistemologischen Grundlagen hin zu befragen.« 410 0$aSozialtheorie Series 517 2 $aPapilloud, Bourdieu lesen$eEinführung in eine Soziologie des Unterschieds. Mit einem Nachwort von Loïc Wacquant 606 $aSociological Theory 606 $aPierre Bourdieu 606 $aSoziologische Theorie 606 $aSociety 606 $aGesellschaft 606 $aSocial Relations 606 $aSozialität 606 $aSocial Inequality 606 $aSoziale Ungleichheit 606 $aSociology of Culture 606 $aKultursoziologie 606 $aSociology 606 $aSoziologie 606 $aIntroduction 606 $aEinführung 615 4$aSociological Theory 615 4$aPierre Bourdieu 615 4$aSoziologische Theorie 615 4$aSociety 615 4$aGesellschaft 615 4$aSocial Relations 615 4$aSozialität 615 4$aSocial Inequality 615 4$aSoziale Ungleichheit 615 4$aSociology of Culture 615 4$aKultursoziologie 615 4$aSociology 615 4$aSoziologie 615 4$aIntroduction 615 4$aEinführung 676 $a300 686 $aMQ 3071$2rvk 700 $aPapilloud$b Christian$p

Christian Papilloud, Universität Bielefeld, Deutschland

$4aut$0864179 702 $aWacquant$b Loïc$4aft 801 0$bDE-B1597 801 1$bDE-B1597 906 $aBOOK 912 $a9910367584303321 996 $aBourdieu lesen$92780440 997 $aUNINA